000 01007cam a22002651 4500
001 gs 26000197
003 DLC
005 20260227111330.0
008 750828s1925 xx s000 0 eng
010 _ags 26000197
035 _a(OCoLC)1578427
040 _aDLC
_cCtHT
_dOCoLC
_dDLC
042 _apremarc
050 0 0 _aQE94.S8
_bM3 1925
082 _a547.46
100 1 _aMartin, Laura Hatch,
_d1884-
245 1 4 _aThe geology of the Stonington region, Connecticut,
_cby Laura Hatch Martin, Ph.D.
260 _aHartford,
_bPrinted by the State Geological and Natural History Survey,
_c1925.
300 _a70, [4] p., 3 l.
_billus., VIII pl., fold. map.
_c23 cm.
410 2 0 _aState Geological and Natural History Survey of Connecticut.
_tBulletin
_vno. 33
500 _aState of Connecticut. Public document no. 47.
500 _aPublished also as thesis (Ph. D.) University of Chicago, 1916.
650 0 _aGeology
_zConnecticut
_zStonington.
740 0 _aStonington region, Connecticut, Geology of.
999 _c26466
_d26466